1695 1320 1285 1496 1454 1367 1792 1119 1452 1193 1602 1928 1653 1205 1629 1446 1715 1144 1479 1594 1776 1289 1052 1844 1667 1430 1788 1824 1788 1975 1132 1741 1187 1848 1527 1599 1401 1870 1295 1958 1750 1230 1745 1979 1082 1950 1374 1061 1575 1226 1350 1404 1713 1204 1988 1970 1549 1275 1254 1826 1207 1552 1464 1141 1522 1141 1193 1624 1820 1914 1991 1544 1082 1832 1073 1674 1432 1862 1840 1936 1372 1234 1624 1471 1686 1250 1266 1215 1614 1687 1705 1970 1587 1032 1835 1788 1045 1772 1879 BCNSPRNW ULIB Ver.6.0+V

เปลี่ยนเป็นภาษาไทย

Change to English
 แสดงรายละเอียดบรรณานุกรม
  กลับหน้าหลัก

Brief Record : Get Marc (ISO 2709) : E-mail record : QR code < ปิดหน้าต่าง
LEADER : 00000nam 2200000uu 4500
001    13399127192
003     ULIB
008    191021s2562||||th 000 0 tha d
020 ^- ^a9786168243039
050 ^- ^aนว.^bช499ห
100 0^ aชาณา,
245 10 ^aหัวใจปีศาจ /^cชาณา.
250 ^- ^aพิมพ์ครั้งที่ 2.
260 ^1 ^aกรุงเทพฯ :^bดีบุ๊คส์,^c2562.
300 ^- ^a416 หน้า.
945    ^p320^l0^i27884
999    ^aกัณชพร จุลอักษร
รายการนี้ยังไม่มีแท็ก
คุณยังไม่ได้ล็อกอิน คุณสามารถมีกิจกรรมร่วมกับเว็บไซต์ได้ แต่ต้องล็อกอินก่อน ::
  ล็อกอิน

รายการสื่อสารสนเทศ

ลำดับที่ ประเภท เลขเรียก/บาร์โค้ด สถานที่ สถานะ
1. วิทยาศาสตร์การแพทย์ และสุขภาพ
วิทยาศาสตร์การแพทย์ และสุขภาพ
นว. ช499ห ฉ.1 
  Barcode: 27884
ห้องสมุดวิทยาเขตนครสวรรค์
►นวนิยาย:l:Fiction
บนชั้น

BibComment


ยังไม่เคยถูกคอมเมนท์

คอมเมนท์ทรัพยากรรายการนี้
  คอมเมนท์: หัวใจปีศาจ ชาณา


 Copyright 2026. Bcnsprnw @Library